Guess the Taylor Swift Song (no hints) 174 - Statistics

General Stats
  • This quiz has been taken 73 times
  • The average score is 276 of 360
Answer Stats
Answer % Correct
a
100%
I
100%
be
97%
on
97%
the
97%
to
97%
To
97%
you
97%
You
97%
And
94%
and
94%
If
94%
it
94%
It
94%
like
94%
My
94%
my
94%
of
94%
So
94%
so
94%
was
94%
we
94%
We
94%
your
94%
Your
94%
But
91%
her
91%
in
91%
me
91%
no
91%
one
91%
were
91%
we're
91%
All
88%
all
88%
for
88%
go
88%
is
88%
it's
88%
not
88%
that
88%
That
88%
at
84%
I'd
84%
Say
84%
yours
84%
Always
81%
always
81%
did
81%
down,
81%
down
81%
from
81%
over
81%
said
81%
some
81%
would
81%
can
78%
'Cause
78%
got
78%
hand
78%
night
78%
as
75%
back
75%
cry
75%
lost
75%
never
75%
thought
75%
up
75%
with
75%
been
72%
come
72%
good
72%
Great
72%
have
72%
survived
72%
things
72%
throughout
72%
War
72%
war,
72%
will
72%
anymore
69%
fight
69%
maybe
69%
Maybe
69%
more
69%
nearly
69%
off
69%
place
69%
reached
69%
that's
69%
took
69%
Uh
69%
vowed
69%
wasn't
69%
bloodshed,
66%
bruised
66%
clover
66%
crimson
66%
hair
66%
Looked
66%
really
66%
remember
66%
There's
66%
battle
63%
ego
63%
fire
63%
knuckles
63%
letter
63%
violets
63%
worst
63%
alone
59%
blur
59%
Broken
59%
called
59%
close
59%
desire,
59%
diesel
59%
dream
59%
freely
59%
garden
59%
into
59%
justified
59%
memory
59%
plant
59%
playin'
59%
poppy
59%
something
59%
swinging
59%
trust
59%
betrayed
56%
blue,
56%
closed,
56%
curtains
56%
drew
56%
Flashes
56%
haze,
56%
huh,
56%
huh
56%
punish
56%
sense
56%
Somewhere
56%
truth
56%
better
53%
cursed
53%
drank
53%
fair
53%
faith
53%
past
53%
pin
53%
poison
53%
punching
53%
sleep
53%
Sucker
53%
sweet
53%
talked
53%
talkin'
53%
tears
53%
Tellin'
53%
treaties
53%
turned
53%
underground
53%
walls,
53%
banners
50%
bigger
50%
ground
50%
honor
50%
morning
50%
prayer,
50%
Screamin'
50%
silence
50%
crypt
47%
finger
47%
glory,
47%
icy
47%
Spineless
47%
tomb
47%
triggers
47%
troops
47%
burned
44%
solemn
44%
Tore
44%
burning
41%
Soldier
41%
bombs
38%
embers
38%
No matching quizzes found
Score Distribution
Percent of People with Each Score
Percentile by Number Answered
Your Score History
You have not taken this quiz